000 00674nam a2200205 a 4500
001 000042620
005 20201002040259.0
008 140203s2000 sp ac 000 0 spa d
020 _a8493006556
040 _aDO-SdBNP
_bspa
_cBNPHU
041 1 7 _aspa
_heng
082 _axxxx
_bxxxx
100 1 _aMolyneaux, Gerard
_d1935-
_969878
240 1 0 _aJames Stewart. A bio-bibliography.
_lEspañol
245 1 0 _aJames Stewart :
_bel americano tranquilo /
_cGerard Molyneaux ; traducción Domingo Santos.
260 _aMadrid :
_bT & B Editores,
_c2000.
300 _a343 p. :
_bil., retrs. ;
_c30 cm.
504 _aBibliografía : p. 332-343
700 1 _aSantos, Domingo
_etr.
_942720
999 _c42109
_d42109